[Event "Francia ch 2007 Femenino"]
[Site "Aix-les-Bains FRA"]
[Date "2007.08.21"]
[Round "8.3"]
[White "Benmesbah, Natacha"]
[Black "Lallemand, Roza"]
[Result "0-1"]
[WhiteElo "2220"]
[BlackElo "2235"]
[PlyCount "164"]
[EventDate "2007.08.13"]
[EventType "tourn"]
[EventRounds "11"]
[EventCountry "FRA"]
[Source "lmi"]
[SourceDate "2007.08.13"]

1. e4 c5 2. c3 Nf6 3. e5 Nd5 4. d4 cxd4 5. Nf3 Nc6 6. cxd4 d6 7. Bc4 Nb6 8. Bb3
dxe5 9. d5 Na5 10. Nc3 g6 11. Nxe5 Nxb3 12. Qxb3 Bg7 13. Bf4 O-O 14. O-O Nd7
15. Nxd7 Qxd7 16. Nb5 Qg4 17. Bg3 Bd7 18. Nc7 Rac8 19. Qxb7 h5 20. h3 Qg5 21.
d6 exd6 22. Nd5 Rcd8 23. Bf4 Qh4 24. Bxd6 Rfe8 25. Qc7 Bxh3 26. Be7 Qe4 27.
gxh3 Rxd5 28. Rae1 Qf5 29. Rd1 Rxd1 30. Rxd1 Qxh3 31. Qd7 Qxd7 32. Rxd7 Bxb2
33. Rxa7 Rc8 34. a4 Rc2 35. Rd7 Rc1+ 36. Kg2 Ra1 37. Rb7 Bd4 38. Rb4 Ba7 39.
Bf6 Ra2 40. Rf4 Kh7 41. Bh4 Kg7 42. Rc4 Bb6 43. Rf4 Be3 44. Re4 Bc1 45. Rc4 Bd2
46. Bd8 Be3 47. Bh4 g5 48. Kf3 Bf4 49. Bg3 Ra3+ 50. Kg2 Bxg3 51. fxg3 Kg6 52.
Rb4 f6 53. Rc4 Ra2+ 54. Kg1 Kf5 55. Rb4 Ke5 56. Rc4 Rd2 57. Rb4 Rd4 58. Rb5+
Ke4 59. Rb6 Kf3 60. Rb3+ Ke4 61. Rb6 Kf5 62. a5 Ra4 63. a6 Kg4 64. Rxf6 Kxg3
65. Kf1 h4 66. Rb6 Ra1+ 67. Ke2 h3 68. Rb3+ Kh4 69. a7 Rxa7 70. Kf2 Ra2+ 71.
Kg1 g4 72. Rb4 Ra3 73. Kh2 Re3 74. Ra4 Re2+ 75. Kh1 Kg3 76. Ra3+ Kf4 77. Ra4+
Kf3 78. Ra3+ Re3 79. Ra1 g3 80. Rf1+ Ke4 81. Ra1 Rc3 82. Re1+ Kd3 0-1

[Event "Francia ch 2007 Femenino"]
[Site "Aix-les-Bains FRA"]
[Date "2007.08.21"]
[Round "8.4"]
[White "Milliet, Sophie"]
[Black "Guichard, Pauline"]
[Result "1-0"]
[WhiteElo "2414"]
[BlackElo "2278"]
[PlyCount "81"]
[EventDate "2007.08.13"]
[EventType "tourn"]
[EventRounds "11"]
[EventCountry "FRA"]
[Source "lmi"]
[SourceDate "2007.08.13"]

1. e4 c5 2. Nf3 Nc6 3. Nc3 Nd4 4. Bc4 e6 5. O-O Ne7 6. d3 Nec6 7. Nxd4 cxd4 8.
Ne2 Bc5 9. Ng3 d5 10. exd5 exd5 11. Re1+ Be6 12. Bb3 O-O 13. Qf3 Qd7 14. h3 Bd6
15. Bf4 Bxf4 16. Qxf4 f6 17. Ba4 Rab8 18. Bxc6 bxc6 19. Qxd4 c5 20. Qe3 Rfe8
21. b3 c4 22. Qd4 cxd3 23. Qxd3 Rbc8 24. Rad1 Qc7 25. Nf5 Bf7 26. Rxe8+ Rxe8
27. Ne3 Qa5 28. a4 Rd8 29. Qd4 Qb6 30. Qxb6 axb6 31. Rd4 Rc8 32. Kf1 Kf8 33.
Ke2 Ke7 34. Rb4 Rc6 35. Kd3 Kd7 36. Kd4 Rd6 37. Rb5 Kc6 38. c3 g6 39. Nc2 Kb7
40. Nb4 Rd7 41. a5 1-0

[Event "Francia ch 2007 Femenino"]
[Site "Aix-les-Bains FRA"]
[Date "2007.08.21"]
[Round "8.6"]
[White "Fruteau, Sabine"]
[Black "Wohlers-Armas, Friederike"]
[Result "1/2-1/2"]
[WhiteElo "2170"]
[BlackElo "2120"]
[PlyCount "117"]
[EventDate "2007.08.13"]
[EventType "tourn"]
[EventRounds "11"]
[EventCountry "FRA"]
[Source "lmi"]
[SourceDate "2007.08.13"]

1. e4 d6 2. d4 g6 3. Be3 Bg7 4. Nc3 Nd7 5. f4 e6 6. Nf3 Ne7 7. Bd3 a6 8. O-O d5
9. e5 b6 10. Ne2 c5 11. c3 Nf5 12. Qd2 h5 13. Bf2 c4 14. Bxf5 exf5 15. Bh4 Qc7
16. Rae1 Nf8 17. Bf6 Bxf6 18. exf6 Be6 19. Ng3 Qd8 20. b3 Qxf6 21. bxc4 dxc4
22. Qb2 Qd8 23. Ng5 Qd6 24. d5 Qxd5 25. Qxb6 Nd7 26. Qe3 Qc5 27. Rf2 Qxe3 28.
Rxe3 Nc5 29. Rb2 O-O 30. Rb4 Rac8 31. Nxe6 fxe6 32. Rxc4 h4 33. Ne2 Ne4 34.
Rxc8 Rxc8 35. g3 h3 36. g4 Rb8 37. Rxh3 Rb1+ 38. Kg2 Rb2 39. Re3 Rxa2 40. Kf3
Rc2 41. g5 a5 42. Rd3 a4 43. Rd8+ Kf7 44. Rd7+ Kf8 45. Ra7 Nxc3 46. Nd4 Rxh2
47. Nxe6+ Ke8 48. Nc5 Kd8 49. Ra6 Kc7 50. Nxa4 Ra2 51. Nc5 Rxa6 52. Nxa6+ Kd6
53. Nb4 Nd5 54. Nd3 Ne7 55. Ke3 Nc6 56. Ne1 Kc5 57. Nf3 Kc4 58. Nd2+ Kd5 59.
Nf3 1/2-1/2

[Event "Francia ch 2007 Femenino"]
[Site "Aix-les-Bains FRA"]
[Date "2007.08.22"]
[Round "9.1"]
[White "Wohlers-Armas, Friederike"]
[Black "Muller, Anne"]
[Result "1-0"]
[WhiteElo "2120"]
[BlackElo "2179"]
[PlyCount "55"]
[EventDate "2007.08.13"]
[EventType "tourn"]
[EventRounds "11"]
[EventCountry "FRA"]
[Source "lmi"]
[SourceDate "2007.08.13"]

1. d4 Nf6 2. c4 e6 3. Nc3 Bb4 4. f3 d5 5. e3 O-O 6. a3 Bxc3+ 7. bxc3 c5 8. cxd5
Nxd5 9. c4 Ne7 10. Bd3 Nbc6 11. Ne2 Ng6 12. Bb2 Qg5 13. Kf2 Rd8 14. h4 Qf6 15.
h5 Nge7 16. Qc2 Qh6 17. g4 cxd4 18. exd4 f5 19. Bc1 Qf6 20. g5 Qf8 21. Bb2 Bd7
22. h6 g6 23. Nf4 Rac8 24. Qc3 Kf7 25. d5 exd5 26. cxd5 Nb8 27. Qf6+ Ke8 28.
Rhe1 1-0

[Event "Francia ch 2007 Femenino"]
[Site "Aix-les-Bains FRA"]
[Date "2007.08.22"]
[Round "9.2"]
[White "Nicoara, Malina"]
[Black "Fruteau, Sabine"]
[Result "1-0"]
[WhiteElo "2216"]
[BlackElo "2170"]
[PlyCount "93"]
[EventDate "2007.08.13"]
[EventType "tourn"]
[EventRounds "11"]
[EventCountry "FRA"]
[Source "lmi"]
[SourceDate "2007.08.13"]

1. d4 d5 2. c4 e5 3. dxe5 d4 4. Nf3 Nc6 5. g3 Nge7 6. Bg2 Ng6 7. Bg5 Qd7 8. a3
Ngxe5 9. Nbd2 a5 10. O-O h6 11. Bf4 Nxf3+ 12. Nxf3 Bc5 13. e3 dxe3 14. Bxe3
Bxe3 15. Re1 O-O 16. Rxe3 Qxd1+ 17. Rxd1 Be6 18. c5 a4 19. Rd2 Na5 20. Rc3 Nb3
21. Rd1 Rfd8 22. Re1 c6 23. Ne5 Rd2 24. Nc4 Bxc4 25. Rxc4 Rxb2 26. Rb4 Rc2 27.
Rxb7 Rxc5 28. h4 Rd8 29. Ree7 Rf8 30. Ra7 Rc1+ 31. Kh2 Rc2 32. Kg1 Nc5 33. Bxc6
Nd3 34. Be4 Rc1+ 35. Kg2 Ne1+ 36. Kh3 Rc4 37. Bd5 Rc1 38. Bxf7+ Kh8 39. Bd5 Nf3
40. Bxf3 Rxf3 41. Rxg7 Rxa3 42. Rh7+ Kg8 43. Rxh6 Rf1 44. Rg6+ Kf8 45. Rc6 Re1
46. Rf6+ Kg8 47. Rf4 1-0

[Event "Francia ch 2007 Femenino"]
[Site "Aix-les-Bains FRA"]
[Date "2007.08.22"]
[Round "9.3"]
[White "Guichard, Pauline"]
[Black "Flear, Christine"]
[Result "1-0"]
[WhiteElo "2278"]
[BlackElo "2161"]
[PlyCount "67"]
[EventDate "2007.08.13"]
[EventType "tourn"]
[EventRounds "11"]
[EventCountry "FRA"]
[Source "lmi"]
[SourceDate "2007.08.13"]

1. d4 f5 2. g3 Nf6 3. Bg2 g6 4. c4 Bg7 5. Nc3 O-O 6. Nf3 c6 7. O-O Na6 8. b3
Ne4 9. Bb2 d5 10. cxd5 cxd5 11. Ne5 Be6 12. Rc1 Rc8 13. Na4 Qa5 14. f3 Nd6 15.
Qd3 f4 16. g4 Rxc1 17. Rxc1 Rc8 18. Rxc8+ Bxc8 19. Bc3 Qc7 20. Bd2 b5 21. Nb2
Qb6 22. Bxf4 Qa5 23. Nc6 Qe1+ 24. Bf1 Bf6 25. Bxd6 exd6 26. Qxb5 Be6 27. Qxa6
Qc1 28. Nd3 Qe3+ 29. Kh1 h5 30. Qa3 hxg4 31. Qc1 Bxd4 32. Qxe3 Bxe3 33. fxg4 d4
34. h3 1-0

[Event "Francia ch 2007 Femenino"]
[Site "Aix-les-Bains FRA"]
[Date "2007.08.22"]
[Round "9.4"]
[White "Lallemand, Roza"]
[Black "Milliet, Sophie"]
[Result "1/2-1/2"]
[WhiteElo "2235"]
[BlackElo "2414"]
[PlyCount "43"]
[EventDate "2007.08.13"]
[EventType "tourn"]
[EventRounds "11"]
[EventCountry "FRA"]
[Source "lmi"]
[SourceDate "2007.08.13"]

1. e4 e5 2. Nf3 Nf6 3. Nxe5 d6 4. Nf3 Nxe4 5. Nc3 Nxc3 6. dxc3 Be7 7. Be3 O-O
8. Qd2 Nc6 9. O-O-O Ne5 10. Kb1 b6 11. Be2 Bb7 12. Nd4 Qd7 13. f4 Ng4 14. Bf3
Bxf3 15. Nxf3 Nxe3 16. Qxe3 Bf6 17. Qd3 Rfe8 18. Rhe1 g6 19. a3 a5 20. Rxe8+
Rxe8 21. Re1 Rxe1+ 22. Nxe1 1/2-1/2

[Event "Francia ch 2007 Femenino"]
[Site "Aix-les-Bains FRA"]
[Date "2007.08.22"]
[Round "9.5"]
[White "Leconte, Maria"]
[Black "Benmesbah, Natacha"]
[Result "0-1"]
[WhiteElo "2352"]
[BlackElo "2220"]
[PlyCount "69"]
[EventDate "2007.08.13"]
[EventType "tourn"]
[EventRounds "11"]
[EventCountry "FRA"]
[Source "lmi"]
[SourceDate "2007.08.13"]

1. e4 c5 2. Nc3 Nc6 3. g3 g6 4. Bg2 Bg7 5. d3 e6 6. Be3 d6 7. Qd2 Nge7 8. Bh6
Bxh6 9. Qxh6 Nd4 10. O-O-O b5 11. Nce2 Qa5 12. Nxd4 cxd4 13. Qg7 Rg8 14. Qxd4
Qxa2 15. Qxd6 a5 16. e5 Ra6 17. Qa3 Qxa3 18. bxa3 Nd5 19. Ne2 Bd7 20. Bxd5 exd5
21. Nf4 Be6 22. d4 Rc6 23. Nd3 Rc4 24. Nc5 Ke7 25. Kb2 h5 26. Rd2 h4 27. Rg1
hxg3 28. fxg3 Rh8 29. Rf1 Bf5 30. Rf4 f6 31. exf6+ Kxf6 32. Rdf2 Ke7 33. g4 Bc8
34. Re2+ Kd8 35. Rf6 0-1

[Event "Francia ch 2007 Femenino"]
[Site "Aix-les-Bains FRA"]
[Date "2007.08.22"]
[Round "9.6"]
[White "Collas, Silvia"]
[Black "Congiu, Mathilde"]
[Result "1/2-1/2"]
[WhiteElo "2393"]
[BlackElo "2159"]
[PlyCount "119"]
[EventDate "2007.08.13"]
[EventType "tourn"]
[EventRounds "11"]
[EventCountry "FRA"]
[Source "lmi"]
[SourceDate "2007.08.13"]

1. Nf3 d5 2. c4 c6 3. e3 Nf6 4. Nc3 g6 5. h3 Bg7 6. b3 O-O 7. Bb2 Re8 8. d4
Nbd7 9. Qc2 a6 10. a4 Qa5 11. Qd2 h6 12. cxd5 cxd5 13. Bd3 Nf8 14. O-O Bf5 15.
Bxf5 gxf5 16. Ba3 Rac8 17. Rfc1 Qb6 18. Qb2 e6 19. a5 Qd8 20. Bb4 Ne4 21. Na4
Rxc1+ 22. Rxc1 Nd7 23. Qc2 Nb8 24. Qc7 Nc6 25. Qxb7 Nxa5 26. Bxa5 Qxa5 27. Rc6
Qb5 28. Qxb5 axb5 29. Nc5 Ra8 30. Na6 b4 31. g4 fxg4 32. hxg4 Kh7 33. Rb6 Rc8
34. Nxb4 Rc3 35. Kg2 Rxb3 36. Nxd5 Ra3 37. Nf4 Ra2 38. Nh3 Nf6 39. Ne5 Nd5 40.
Rb3 Bxe5 41. dxe5 Ra4 42. Kf3 Rb4 43. Rxb4 Nxb4 44. Nf4 Nc6 45. Ke4 Ne7 46. Nh5
Kg6 47. f4 Nf5 48. Nf6 Nh4 49. Kd4 Nf3+ 50. Kd3 Ne1+ 51. Kd2 Ng2 52. Ke2 Nh4
53. e4 Kg7 54. f5 h5 55. Nxh5+ Kh6 56. Ke3 Kg5 57. Nf6 Ng2+ 58. Kd4 Kf4 59. Ne8
Nh4 60. fxe6 1/2-1/2

[Event "Francia ch 2007 Femenino"]
[Site "Aix-les-Bains FRA"]
[Date "2007.08.23"]
[Round "10.1"]
[White "Muller, Anne"]
[Black "Congiu, Mathilde"]
[Result "1/2-1/2"]
[WhiteElo "2179"]
[BlackElo "2159"]
[PlyCount "106"]
[EventDate "2007.08.13"]
[EventType "tourn"]
[EventRounds "11"]
[EventCountry "FRA"]
[Source "lmi"]
[SourceDate "2007.08.13"]

1. e4 e5 2. Nf3 Nc6 3. Bb5 a6 4. Ba4 Nf6 5. O-O Bc5 6. c3 b5 7. Bc2 d5 8. d4
dxe4 9. dxc5 Qxd1 10. Bxd1 exf3 11. Bxf3 e4 12. Be2 Bg4 13. Bxg4 Nxg4 14. Bf4
O-O-O 15. Nd2 e3 16. Nf3 exf2+ 17. Kh1 Rd5 18. h3 Nf6 19. Rxf2 Ne4 20. Re2 Nxc5
21. Bg3 Rhd8 22. Kh2 Rd1 23. Rxd1 Rxd1 24. Ng5 f6 25. Bf2 Nd3 26. Ne6 g5 27.
Bg3 Nce5 28. Bxe5 Nxe5 29. Nxg5 fxg5 30. Rxe5 Rd2 31. b4 Rc2 32. Rxg5 Rxc3 33.
Rh5 Ra3 34. Rxh7 Rxa2 35. h4 Rb2 36. h5 Rxb4 37. Kh3 Rd4 38. g4 b4 39. h6 b3
40. Rh8+ Kb7 41. h7 b2 42. Rb8+ Kxb8 43. h8=Q+ Kb7 44. Qh7 Rb4 45. Qb1 Rb5 46.
Kh4 c5 47. g5 c4 48. Qe4+ Kb6 49. Qd4+ Ka5 50. Qd8+ Ka4 51. Qd1+ Rb3 52. Qd7+
Rb5 53. Qd1+ Rb3 1/2-1/2

[Event "Francia ch 2007 Femenino"]
[Site "Aix-les-Bains FRA"]
[Date "2007.08.23"]
[Round "10.2"]
[White "Benmesbah, Natacha"]
[Black "Collas, Silvia"]
[Result "0-1"]
[WhiteElo "2220"]
[BlackElo "2393"]
[PlyCount "108"]
[EventDate "2007.08.13"]
[EventType "tourn"]
[EventRounds "11"]
[EventCountry "FRA"]
[Source "lmi"]
[SourceDate "2007.08.13"]

1. e4 c5 2. Nf3 e6 3. b3 d6 4. Bb2 Nf6 5. e5 dxe5 6. Nxe5 Be7 7. Bd3 Nbd7 8. f4
Qc7 9. Qf3 Nxe5 10. fxe5 Nd5 11. O-O Bg5 12. Qh5 Qe7 13. Bb5+ Kf8 14. Nc3 g6
15. Qf3 Nxc3 16. Bxc3 a6 17. Bc4 Rb8 18. d4 b5 19. Bd3 Bb7 20. Be4 Bxe4 21.
Qxe4 cxd4 22. Bxd4 Kg7 23. Rf2 h5 24. Raf1 Rhf8 25. c3 Qb7 26. Qd3 Rbc8 27. Qg3
Bh6 28. Rf6 Rc7 29. Qf2 Rfc8 30. b4 Kg8 31. Qh4 Rd7 32. R6f3 Rc4 33. Re1 Bd2
34. Re4 Qc6 35. Rg3 Bxc3 36. Rxc3 Rxc3 37. Bxc3 Qxc3 38. h3 Qa1+ 39. Kh2 Qxa2
40. Re1 Qb2 41. Qg5 Qd2 42. Qg3 Rd3 43. Qh4 Rd4 44. Re4 Rxe4 45. Qxe4 Kg7 46.
Qh4 a5 47. bxa5 Qxa5 48. Qf6+ Kg8 49. h4 Qd2 50. Kh1 b4 51. Qf3 Qe1+ 52. Kh2
Qxh4+ 53. Kg1 Qe1+ 54. Kh2 Qxe5+ 0-1

[Event "Francia ch 2007 Femenino"]
[Site "Aix-les-Bains FRA"]
[Date "2007.08.23"]
[Round "10.3"]
[White "Milliet, Sophie"]
[Black "Leconte, Maria"]
[Result "0-1"]
[WhiteElo "2414"]
[BlackElo "2352"]
[PlyCount "78"]
[EventDate "2007.08.13"]
[EventType "tourn"]
[EventRounds "11"]
[EventCountry "FRA"]
[Source "lmi"]
[SourceDate "2007.08.13"]

1. e4 e6 2. d4 d5 3. e5 c5 4. c3 Nc6 5. Nf3 Qb6 6. a3 Nh6 7. b4 cxd4 8. cxd4
Nf5 9. Bb2 Bd7 10. g4 Nh6 11. Rg1 f6 12. exf6 gxf6 13. Nc3 Nf7 14. h4 Na5 15.
Na4 Qc6 16. Nc5 Nc4 17. Bxc4 dxc4 18. Qe2 O-O-O 19. Rc1 b5 20. g5 Rg8 21. Ne4
fxg5 22. hxg5 Be7 23. Ne5 Nxe5 24. dxe5 Be8 25. Nf6 Bxf6 26. exf6 h6 27. f4
hxg5 28. fxg5 Rd5 29. Qe3 Bh5 30. Be5 Bg6 31. Bg3 Kb7 32. Bf2 Kc8 33. Bg3 Rgd8
34. Qxa7 e5 35. Rf1 Bh5 36. Rf5 Rd1+ 37. Rxd1 Rxd1+ 38. Kf2 Rd2+ 39. Ke1 Re2+
0-1

[Event "Francia ch 2007 Femenino"]
[Site "Aix-les-Bains FRA"]
[Date "2007.08.23"]
[Round "10.5"]
[White "Fruteau, Sabine"]
[Black "Guichard, Pauline"]
[Result "0-1"]
[WhiteElo "2170"]
[BlackElo "2278"]
[PlyCount "48"]
[EventDate "2007.08.13"]
[EventType "tourn"]
[EventRounds "11"]
[EventCountry "FRA"]
[Source "lmi"]
[SourceDate "2007.08.13"]

1. e4 c5 2. Nf3 Nc6 3. Bb5 g6 4. O-O Bg7 5. c3 Nf6 6. e5 Nd5 7. d4 cxd4 8. cxd4
O-O 9. Nc3 Nc7 10. Bc4 d6 11. Bf4 Bg4 12. exd6 exd6 13. d5 Nd4 14. Be3 Bxf3 15.
gxf3 Qh4 16. f4 Nf5 17. Qf3 Rfe8 18. Bd3 Nd4 19. Bxd4 Bxd4 20. Ne4 Nxd5 21.
Nxd6 Nxf4 22. Bc4 Re7 23. Rad1 Be5 24. Nxf7 Ne2+ 0-1

[Event "Francia ch 2007 Femenino"]
[Site "Aix-les-Bains FRA"]
[Date "2007.08.23"]
[Round "10.6"]
[White "Wohlers-Armas, Friederike"]
[Black "Nicoara, Malina"]
[Result "0-1"]
[WhiteElo "2120"]
[BlackElo "2216"]
[PlyCount "66"]
[EventDate "2007.08.13"]
[EventType "tourn"]
[EventRounds "11"]
[EventCountry "FRA"]
[Source "lmi"]
[SourceDate "2007.08.13"]

1. d4 Nf6 2. c4 d6 3. Nc3 e5 4. Nf3 Nbd7 5. e4 c6 6. Be2 Be7 7. O-O O-O 8. d5
a6 9. Be3 Ne8 10. a4 a5 11. dxc6 bxc6 12. Qd2 Qc7 13. Rfd1 Nc5 14. Bxc5 dxc5
15. Qe3 g6 16. Ne1 Ng7 17. Nd3 Ne6 18. Qg3 Bd6 19. Bg4 Nd4 20. Bxc8 Raxc8 21.
Kf1 f5 22. exf5 e4 23. Qg4 exd3 24. fxg6 Rf4 25. gxh7+ Kh8 26. Qg6 Qe7 27. Rxd3
Rcf8 28. f3 R4f6 29. Qe4 Re6 30. Qg4 Nc2 31. Rad1 Re1+ 32. Kf2 Rxd1 33. Rxd1
Ne3 0-1

[Event "Francia ch 2007 Femenino"]
[Site "Aix-les-Bains FRA"]
[Date "2007.08.24"]
[Round "11.1"]
[White "Nicoara, Malina"]
[Black "Muller, Anne"]
[Result "1/2-1/2"]
[WhiteElo "2216"]
[BlackElo "2179"]
[PlyCount "20"]
[EventDate "2007.08.13"]
[EventType "tourn"]
[EventRounds "11"]
[EventCountry "FRA"]
[Source "lmi"]
[SourceDate "2007.08.13"]

1. d4 Nf6 2. c4 e6 3. Nc3 Bb4 4. Qc2 d5 5. cxd5 Qxd5 6. Nf3 Qf5 7. Qxf5 exf5 8.
a3 Bd6 9. g3 Be6 10. Bf4 Bf8 1/2-1/2

[Event "Francia ch 2007 Femenino"]
[Site "Aix-les-Bains FRA"]
[Date "2007.08.24"]
[Round "11.2"]
[White "Guichard, Pauline"]
[Black "Wohlers-Armas, Friederike"]
[Result "1/2-1/2"]
[WhiteElo "2278"]
[BlackElo "2120"]
[PlyCount "92"]
[EventDate "2007.08.13"]
[EventType "tourn"]
[EventRounds "11"]
[EventCountry "FRA"]
[Source "lmi"]
[SourceDate "2007.08.13"]

1. d4 Nf6 2. c4 c5 3. d5 d6 4. Nc3 g6 5. e4 Bg7 6. h3 O-O 7. Nf3 Na6 8. Bd3 Nc7
9. O-O a6 10. Re1 Bd7 11. a4 b5 12. axb5 axb5 13. Rxa8 Qxa8 14. cxb5 Rb8 15.
Bc4 Nxb5 16. e5 Nxc3 17. bxc3 Ne8 18. Bf4 Qa3 19. Qa1 Ra8 20. Qxa3 Rxa3 21. Bd2
Ra4 22. Bb3 Ra3 23. Bc4 Ra4 24. Bf1 h6 25. g4 g5 26. Kg2 Kf8 27. Be3 Ra3 28. c4
Bc8 29. Rb1 Ba6 30. Rb8 Ra4 31. Ra8 Ra2 32. exd6 exd6 33. Nd2 Ke7 34. Ne4 Be5
35. Bd3 Nc7 36. Ra7 Kd8 37. Nxc5 Bxc4 38. Bxc4 Rxa7 39. Ne6+ Nxe6 40. Bxa7 Nf4+
41. Kf3 Nxh3 42. Be3 Ke7 43. Bf1 Nf4 44. Bxf4 Bxf4 45. Ke4 Kf6 46. f3 Bh2
1/2-1/2

[Event "Francia ch 2007 Femenino"]
[Site "Aix-les-Bains FRA"]
[Date "2007.08.24"]
[Round "11.3"]
[White "Lallemand, Roza"]
[Black "Fruteau, Sabine"]
[Result "1/2-1/2"]
[WhiteElo "2235"]
[BlackElo "2170"]
[PlyCount "20"]
[EventDate "2007.08.13"]
[EventType "tourn"]
[EventRounds "11"]
[EventCountry "FRA"]
[Source "lmi"]
[SourceDate "2007.08.13"]

1. e4 e5 2. Nf3 Nc6 3. Bb5 a6 4. Ba4 Nf6 5. Qe2 b5 6. Bb3 Bc5 7. c3 d6 8. d3 h6
9. Nbd2 O-O 10. Ng1 Nb8 1/2-1/2

[Event "Francia ch 2007 Femenino"]
[Site "Aix-les-Bains FRA"]
[Date "2007.08.24"]
[Round "11.4"]
[White "Leconte, Maria"]
[Black "Flear, Christine"]
[Result "1/2-1/2"]
[WhiteElo "2352"]
[BlackElo "2161"]
[PlyCount "100"]
[EventDate "2007.08.13"]
[EventType "tourn"]
[EventRounds "11"]
[EventCountry "FRA"]
[Source "lmi"]
[SourceDate "2007.08.13"]

1. e4 c5 2. Nf3 e6 3. d3 Nc6 4. g3 g6 5. Bg2 Bg7 6. O-O Nf6 7. Re1 O-O 8. c3 d5
9. Qe2 b6 10. e5 Ne8 11. Bf4 h6 12. h4 Kh7 13. Na3 a5 14. Nb5 a4 15. c4 Ra5 16.
Nc3 Nc7 17. Qd1 a3 18. b3 Nb4 19. Qe2 b5 20. cxb5 Nxb5 21. Na4 Na7 22. Qd2 Nac6
23. Rac1 Qe7 24. d4 cxd4 25. Nxd4 Nxd4 26. Qxd4 Nxa2 27. Rc5 Qa7 28. Be3 Bd7
29. Qd2 Ra8 30. Qxa2 Bxa4 31. bxa4 Rxc5 32. Qxa3 Qa5 33. Rb1 Rc3 34. Qe7 Rc7
35. Qd6 Rac8 36. Bb6 Rc1+ 37. Kh2 Qe1 38. Rxc1 Rxc1 39. Qe7 Qxe5 40. Qxf7 Rc4
41. a5 Rxh4+ 42. Bh3 Rh5 43. Bd8 Qe2 44. Bh4 Rf5 45. Bxf5 Qxf2+ 46. Kh3 Qf1+
47. Kh2 Qf2+ 48. Kh3 Qf1+ 49. Kh2 Qf2+ 50. Kh3 Qf1+ 1/2-1/2

[Event "Francia ch 2007 Femenino"]
[Site "Aix-les-Bains FRA"]
[Date "2007.08.24"]
[Round "11.5"]
[White "Collas, Silvia"]
[Black "Milliet, Sophie"]
[Result "0-1"]
[WhiteElo "2393"]
[BlackElo "2414"]
[PlyCount "62"]
[EventDate "2007.08.13"]
[EventType "tourn"]
[EventRounds "11"]
[EventCountry "FRA"]
[Source "lmi"]
[SourceDate "2007.08.13"]

1. Nf3 Nf6 2. c4 Nc6 3. d4 e6 4. a3 d6 5. Nc3 g6 6. b4 Bg7 7. Bb2 O-O 8. e3 Re8
9. Be2 e5 10. d5 Nb8 11. e4 Nh5 12. g3 Bh3 13. c5 dxc5 14. bxc5 Nd7 15. c6 Nc5
16. cxb7 Rb8 17. Bc1 Nf6 18. Qc2 Rxb7 19. Be3 Nb3 20. Rb1 Nd4 21. Nxd4 Rxb1+
22. Qxb1 exd4 23. Bxd4 Bg2 24. Rg1 Bxe4 25. Nxe4 Nxe4 26. Bxg7 Kxg7 27. Qb2+
Kg8 28. Qd4 c5 29. Qd3 c4 30. Qd4 c3 31. Bd3 Nd2+ 0-1

[Event "Francia ch 2007 Femenino"]
[Site "Aix-les-Bains FRA"]
[Date "2007.08.24"]
[Round "11.6"]
[White "Congiu, Mathilde"]
[Black "Benmesbah, Natacha"]
[Result "1/2-1/2"]
[WhiteElo "2159"]
[BlackElo "2220"]
[PlyCount "33"]
[EventDate "2007.08.13"]
[EventType "tourn"]
[EventRounds "11"]
[EventCountry "FRA"]
[Source "lmi"]
[SourceDate "2007.08.13"]

1. e4 e5 2. Nf3 Nc6 3. Bb5 a6 4. Bxc6 dxc6 5. O-O f6 6. d4 exd4 7. Nxd4 c5 8.
Ne2 Qxd1 9. Rxd1 Bd7 10. Bf4 O-O-O 11. Nbc3 Be6 12. Rxd8+ Kxd8 13. Rd1+ Kc8 14.
Nd5 Bxd5 15. exd5 Bd6 16. Bxd6 cxd6 17. Nf4 1/2-1/2

[Event "Francia ch 2007 Femenino desempate"]
[Site "Aix-les-Bains FRA"]
[Date "2007.08.25"]
[Round "1"]
[White "Collas, Silvia"]
[Black "Milliet, Sophie"]
[Result "1-0"]
[WhiteElo "2393"]
[BlackElo "2414"]
[PlyCount "112"]
[EventDate "2007.08.25"]
[EventType "match"]
[EventRounds "2"]
[EventCountry "FRA"]
[Source "lmi"]
[SourceDate "2007.08.13"]

1. c4 e5 2. Nc3 Nf6 3. Nf3 Nc6 4. e3 g6 5. d4 exd4 6. exd4 Bg7 7. d5 Qe7+ 8.
Be2 Ne5 9. O-O d6 10. Nxe5 dxe5 11. Qa4+ Bd7 12. Qb3 Bc8 13. Rd1 O-O 14. Bg5 h6
15. d6 cxd6 16. Nd5 Qd8 17. Nxf6+ Bxf6 18. Bxh6 Re8 19. c5 Be6 20. Qxb7 d5 21.
c6 Qd6 22. c7 Rac8 23. Rac1 Re7 24. Rc6 Qd7 25. Rdc1 g5 26. h4 gxh4 27. Ba6
Ree8 28. Bb5 Kh7 29. Bd2 Rg8 30. R6c3 Qe7 31. Ba6 e4 32. Ra3 Bg5 33. Be3 d4 34.
Qxe4+ f5 35. Qe5 dxe3 36. fxe3 Bd7 37. Qxe7+ Bxe7 38. Bxc8 Rxc8 39. Rxa7 Bd6
40. Rd1 Bc5 41. Rxd7+ Kg6 42. Ra6+ Kg5 43. Rg7+ Kh5 44. Kf2 f4 45. Ra5 fxe3+
46. Ke2 Kh6 47. Rg4 Be7 48. Ra6+ Kh5 49. Rc4 Bg5 50. Ra5 Kg6 51. Rxg5+ Kxg5 52.
b4 Kf5 53. b5 Ke6 54. b6 Kd7 55. a4 Rg8 56. c8=Q+ Rxc8 1-0

[Event "Francia ch 2007 Femenino desempate"]
[Site "Aix-les-Bains FRA"]
[Date "2007.08.25"]
[Round "2"]
[White "Milliet, Sophie"]
[Black "Collas, Silvia"]
[Result "1/2-1/2"]
[WhiteElo "2414"]
[BlackElo "2393"]
[PlyCount "97"]
[EventDate "2007.08.25"]
[EventType "match"]
[EventRounds "2"]
[EventCountry "FRA"]
[Source "lmi"]
[SourceDate "2007.08.13"]

1. e4 c5 2. Nf3 d6 3. Bb5+ Bd7 4. Bxd7+ Nxd7 5. O-O Ngf6 6. Qe2 e6 7. b3 Qc7 8.
Bb2 Be7 9. c4 a6 10. Nc3 O-O 11. d4 cxd4 12. Nxd4 Rfe8 13. Rad1 Bf8 14. Kh1 d5
15. f4 dxe4 16. Nxe4 Nxe4 17. Qxe4 Nf6 18. Qf3 Rad8 19. Qg3 Nh5 20. Qh4 g6 21.
f5 exf5 22. Nxf5 Rxd1 23. Rxd1 Qf4 24. Qxf4 Nxf4 25. Ng3 b5 26. cxb5 axb5 27.
h3 Bg7 28. Bxg7 Kxg7 29. Rd4 Re1+ 30. Kh2 Ne6 31. Rb4 Ra1 32. Rxb5 Rxa2 33. Rb4
g5 34. Nf5+ Kf6 35. Ne3 Rb2 36. Rb6 h5 37. b4 Rb3 38. Nc4 h4 39. b5 g4 40. hxg4
Kg5 41. Ne5 Nf4 42. Nxf7+ Kxg4 43. Ne5+ Kf5 44. Nf3 Rb2 45. Nxh4+ Kg4 46. Rh6
Rxb5 47. Nf3 Nxg2 48. Kxg2 Rb2+ 49. Kf1 1/2-1/2